[Event "Chigorin Mem Blitz 2015"]
[Site "St Petersburg RUS"]
[Date "2015.10.02"]
[Round "1.1"]
[White "Shemyakin, Valeriy"]
[Black "Alekseev, Evgeny"]
[Result "0-1"]
[BlackTitle "GM"]
[WhiteElo "2169"]
[BlackElo "2642"]
[WhiteFideId "14132818"]
[BlackFideId "4138147"]
[EventDate "2015.10.02"]

1. d4 Nf6 2. c4 e6 3. g3 c5 4. d5 exd5 5. cxd5 d6 6. Nc3 g6 7. Bg2 Bg7 8. Nf3
O-O 9. O-O Nbd7 10. Nd2 Nh5 11. Nc4 Ne5 12. Ne3 f5 13. f4 Nf7 14. Nc4 Re8 15.
Re1 Nf6 16. a4 Bd7 17. e4 fxe4 18. Nxe4 Nxe4 19. Bxe4 Qf6 20. Qd3 Bf5 21. Re2
Qd4+ 0-1

[Event "Chigorin Mem Blitz 2015"]
[Site "St Petersburg RUS"]
[Date "2015.10.02"]
[Round "1.2"]
[White "Andriasian, Zaven"]
[Black "Kuzmin, Egor"]
[Result "1-0"]
[WhiteTitle "GM"]
[BlackTitle "FM"]
[WhiteElo "2591"]
[BlackElo "2232"]
[WhiteFideId "13302000"]
[BlackFideId "24101737"]
[EventDate "2015.10.02"]

1. e4 c5 2. Nc3 d6 3. f4 g6 4. Nf3 Bg7 5. g3 Nc6 6. Bg2 Bd7 7. O-O Rb8 8. d3 b5
9. Kh1 b4 10. Ne2 Nd4 11. Nexd4 cxd4 12. a3 a5 13. axb4 axb4 14. Bd2 e5 15. Qe1
Qb6 16. f5 f6 17. Qe2 Ne7 18. Nh4 O-O 19. Bf3 g5 20. Ng2 Rbc8 21. Ne1 Be8 22. h4
h6 23. b3 Rc7 24. Kg2 Nc8 25. Rh1 Kf7 26. Bh5+ Ke7 27. Bxe8 Kxe8 28. Ra4 d5 29.
Rxb4 Qc6 30. hxg5 fxg5 31. g4 Nd6 32. exd5 Qxd5+ 33. Qf3 Qxf3+ 34. Kxf3 Kf7 35.
Rb6 Rd7 36. Bb4 Rfd8 37. Bxd6 Rxd6 38. Rxd6 Rxd6 39. Ke4 Rc6 40. Rh2 Ra6 41. Nf3
Ra5 42. Rh1 Rc5 43. Rc1 Kf8 44. b4 Rc7 45. b5 Rc5 46. Rb1 Rxc2 47. b6 Re2+ 48.
Kd5 e4 49. b7 1-0

[Event "Chigorin Mem Blitz 2015"]
[Site "St Petersburg RUS"]
[Date "2015.10.02"]
[Round "1.3"]
[White "Grigorjev, Iljya"]
[Black "Bok, Benjamin"]
[Result "1-0"]
[WhiteTitle "FM"]
[BlackTitle "GM"]
[WhiteElo "2254"]
[BlackElo "2591"]
[WhiteFideId "24159565"]
[BlackFideId "1017063"]
[EventDate "2015.10.02"]

1. e4 e5 2. Nf3 Nc6 3. Bb5 Nf6 4. d3 Bc5 5. O-O d6 6. h3 O-O 7. c3 Ne7 8. d4 Bb6
9. Re1 Ng6 10. Nbd2 c6 11. Ba4 exd4 12. cxd4 d5 13. e5 Nh5 14. Nf1 f6 15. exf6
Qxf6 16. Bg5 Qf7 17. Bc2 Bxh3 18. Bxg6 Qxg6 19. gxh3 h6 20. Re5 Rae8 21. Nh4 Qf7
22. Rf5 Qxf5 23. Nxf5 Rxf5 24. Be3 Nf6 25. Ng3 Rg5 26. Bxg5 hxg5 27. Qd2 g4 28.
Re1 Rxe1+ 29. Qxe1 Bxd4 30. hxg4 Bxb2 31. g5 1-0

[Event "Chigorin Mem Blitz 2015"]
[Site "St Petersburg RUS"]
[Date "2015.10.02"]
[Round "1.4"]
[White "Turov, Maxim"]
[Black "Malofeev, Alex"]
[Result "1-0"]
[WhiteTitle "GM"]
[BlackTitle "FM"]
[WhiteElo "2609"]
[BlackElo "2141"]
[WhiteFideId "4120086"]
[BlackFideId "4124200"]
[EventDate "2015.10.02"]

1. c4 c5 2. Nc3 Nc6 3. g3 Nf6 4. Bg2 g6 5. Nf3 Bg7 6. O-O O-O 7. d4 cxd4 8. Nxd4
d6 9. b3 Bd7 10. Bb2 Nxd4 11. Qxd4 Bc6 12. Qd2 Bxg2 13. Kxg2 Rc8 14. Rfd1 a6 15.
a4 Qd7 16. f3 Qc6 17. e4 Rfd8 18. Ne2 Ne8 19. Bxg7 Nxg7 20. Nf4 Ne6 21. Nd5 Re8
22. a5 Nc5 23. Qe3 Nd7 24. Rac1 Qc5 25. Qg5 f6 26. Qg4 e6 27. b4 Qc6 28. Ne3 Ne5
29. Qf4 Rf8 30. h4 Qa4 31. Rxd6 Qxb4 32. Rcd1 Rce8 33. Rb6 Qxa5 34. Rxb7 Qa2+
35. Kh3 Qe2 36. Qh6 Rf7 37. Rxf7 Nxf7 38. Qf4 e5 39. Qxf6 Qxe3 40. Rd7 Rf8 41.
Kg2 Qe2+ 42. Kh3 Qf1+ 43. Kh2 Qxc4 44. h5 Qc2+ 45. Kh3 Qc8 46. Qe7 gxh5 47. Kh2
Qc6 48. Rc7 Qg6 49. Qd7 Ng5 50. Qd5+ Kh8 51. Qxe5+ Qf6 52. Qxf6+ Rxf6 53. Kg2
Nxf3 54. Rc5 Kg7 55. Rxh5 Nd4 56. Rd5 Nb5 57. Rd7+ Kg6 58. Kh3 a5 59. Rb7 Nd4 1-0

[Event "Chigorin Mem Blitz 2015"]
[Site "St Petersburg RUS"]
[Date "2015.10.02"]
[Round "1.5"]
[White "Danielyan, Vahe"]
[Black "Demchenko, Anton"]
[Result "0-1"]
[BlackTitle "GM"]
[WhiteElo "2151"]
[BlackElo "2595"]
[WhiteFideId "13304828"]
[BlackFideId "4160258"]
[EventDate "2015.10.02"]

1. e4 e5 2. Nf3 Nc6 3. Bb5 g6 4. O-O Bg7 5. c3 a6 6. Ba4 d6 7. d4 Bd7 8. dxe5
dxe5 9. Nbd2 Nge7 10. Bc2 O-O 11. Qe2 Qe8 12. Rd1 f5 13. Nf1 f4 14. Bb3+ Kh8 15.
a4 Bf6 16. Ba2 g5 17. b4 g4 18. Ne1 Ng6 19. g3 Nd8 20. Bb3 Nf7 21. Bd5 c6 22.
Bb3 Ng5 23. b5 axb5 24. Ba3 Nh3+ 25. Kh1 Be7 26. axb5 Rxa3 27. Rxa3 Bxa3 28. Nd3
Be6 29. Qa2 Bxb3 30. Qxb3 Bd6 31. bxc6 Qxc6 32. Nd2 Be7 33. Kg2 Bg5 34. Qd5 Qf6
35. Rf1 f3+ 0-1

[Event "Chigorin Mem Blitz 2015"]
[Site "St Petersburg RUS"]
[Date "2015.10.02"]
[Round "1.6"]
[White "Lintchevski, Daniil"]
[Black "Obgolts, Erik"]
[Result "1-0"]
[WhiteTitle "GM"]
[WhiteElo "2562"]
[BlackElo "2184"]
[WhiteFideId "4171055"]
[BlackFideId "24199044"]
[EventDate "2015.10.02"]

1. e4 c5 2. Nf3 e6 3. d4 cxd4 4. Nxd4 Nc6 5. Nc3 Qc7 6. Be2 a6 7. O-O Nf6 8. Be3
Be7 9. f4 d6 10. Kh1 O-O 11. Qe1 Bd7 12. Qg3 Kh8 13. Rad1 b5 14. a3 Rad8 15. Bd3
e5 16. Nde2 b4 17. Nd5 Qb8 18. Nxe7 Nxe7 19. fxe5 dxe5 20. Bg5 bxa3 21. Rxf6
axb2 22. Rff1 f6 23. Bd2 Be6 24. h3 Qb6 25. Qe3 Qb7 26. Bc3 Ba2 27. Rb1 Bxb1 28.
Rxb1 Qc6 29. Rxb2 Rb8 30. Ra2 Ng6 31. Rxa6 Qc7 32. Ra7 Rb7 33. Rxb7 Qxb7 34. Kh2
Rd8 35. Qc5 Qd7 36. Bd2 Rc8 37. Qd5 Qe7 38. Be3 Rd8 39. Qc5 Qe8 40. Bf2 Qe6 41.
Bc4 Qe8 42. Bd5 Rc8 43. Qe3 Rxc2 44. Qd3 Rc8 45. Be3 Rd8 46. Qb3 Qe7 47. Ng3 Nf4
48. Nf5 Qd7 49. Bxf4 exf4 50. Qf3 Qc7 51. Nd4 Qe5 52. Nc6 Qc7 53. Nxd8 Qxd8 54.
Qxf4 g5 55. Qf5 Kg7 56. e5 fxe5 57. Qxe5+ Qf6 58. Qxf6+ Kxf6 59. g4 Ke5 60. Ba8
h5 61. Kg3 Kf6 62. Kf3 Ke5 63. Ke3 Kf6 1-0

[Event "Chigorin Mem Blitz 2015"]
[Site "St Petersburg RUS"]
[Date "2015.10.02"]
[Round "1.7"]
[White "Panjkov, Oleg"]
[Black "Amonatov, Farrukh"]
[Result "0-1"]
[BlackTitle "GM"]
[WhiteElo "2065"]
[BlackElo "2591"]
[WhiteFideId "4172736"]
[BlackFideId "14700077"]
[EventDate "2015.10.02"]

1. e4 c5 2. Nc3 d6 3. g3 Nc6 4. Bg2 g6 5. d3 Bg7 6. f4 e6 7. Nf3 Nge7 8. O-O O-O
9. Be3 Nd4 10. e5 Nef5 11. Bf2 Rb8 12. Ne4 dxe5 13. Nxe5 f6 14. Nf3 b6 15. c3
Nxf3+ 16. Bxf3 Ba6 17. Be2 Kh8 18. Qc2 Qc7 19. Rad1 Rbd8 20. Rfe1 Bb7 21. Bf3
Rfe8 22. Bg2 Bd5 23. g4 Nh6 24. Bg3 Nxg4 25. f5 e5 26. fxg6 hxg6 27. Qe2 Nh6 28.
Rf1 f5 29. Ng5 Bxg2 30. Qxg2 Kg8 31. Rfe1 Nf7 32. Nf3 Qc6 33. Bh4 e4 34. dxe4
Rxd1 35. Rxd1 Rxe4 36. Ng5 Rg4 0-1

[Event "Chigorin Mem Blitz 2015"]
[Site "St Petersburg RUS"]
[Date "2015.10.02"]
[Round "1.8"]
[White "Timofeev, Artyom"]
[Black "Leontiev, Aleksandr V."]
[Result "1-0"]
[WhiteTitle "GM"]
[BlackTitle "IM"]
[WhiteElo "2539"]
[BlackElo "2281"]
[WhiteFideId "4140419"]
[BlackFideId "4122968"]
[EventDate "2015.10.02"]

1. c4 e5 2. Nc3 Nf6 3. Nf3 Nc6 4. d3 Bb4 5. Bd2 d5 6. cxd5 Nxd5 7. g3 O-O 8. Bg2
Re8 9. O-O Bf8 10. a3 a5 11. Rc1 Nb6 12. Be3 Ra6 13. Nb5 a4 14. Ng5 Nd4 15. Bxd4
exd4 16. Nxc7 Qxg5 17. Nxe8 Be6 18. Nc7 Bb3 19. Qe1 Ra7 20. e4 dxe3 21. Qxe3 Qa5
22. Qd4 Na8 23. Nd5 b6 24. Rc8 Rd7 25. Nf6+ gxf6 26. Qxd7 1-0

[Event "Chigorin Mem Blitz 2015"]
[Site "St Petersburg RUS"]
[Date "2015.10.02"]
[Round "1.9"]
[White "Zakaryan, David"]
[Black "Chigaev, Maksim"]
[Result "0-1"]
[WhiteTitle "FM"]
[BlackTitle "IM"]
[WhiteElo "2335"]
[BlackElo "2521"]
[WhiteFideId "24101923"]
[BlackFideId "4108116"]
[EventDate "2015.10.02"]

1. d4 Nf6 2. g3 g6 3. Bg2 Bg7 4. e4 d6 5. Nc3 O-O 6. h3 Nbd7 7. Nf3 e5 8. O-O c6
9. Be3 Re8 10. Re1 Qc7 11. a4 b6 12. d5 Bb7 13. g4 cxd5 14. exd5 a6 15. Qd2 Rac8
16. Ra3 e4 17. Ng5 Ne5 18. Rb3 Nc4 19. Qd1 Nxb2 20. Rxb2 Qxc3 21. Rxb6 Qc7 22.
Qb1 Bxd5 23. Bd4 Qxc2 24. Rxd6 Qxb1 25. Rxb1 h6 26. Bxf6 Bxf6 27. Rxf6 hxg5 28.
Rxa6 Rc2 29. Rd6 Ba8 30. Re1 e3 31. Rxe3 Rxe3 32. Rd8+ Kg7 33. Bxa8 Re1+ 34. Kg2
Ree2 35. Kg3 Rxf2 36. a5 Ra2 37. Bd5 Rab2 38. a6 Rfd2 39. a7 Rd3+ 40. Bf3 Rxd8
41. a8=Q Rxa8 42. Bxa8 f5 0-1

[Event "Chigorin Mem Blitz 2015"]
[Site "St Petersburg RUS"]
[Date "2015.10.02"]
[Round "1.10"]
[White "Lugovskoy, Maxim"]
[Black "Pischikov, Vadim"]
[Result "1-0"]
[WhiteTitle "IM"]
[WhiteElo "2470"]
[BlackElo "2176"]
[WhiteFideId "24126454"]
[BlackFideId "4100280"]
[EventDate "2015.10.02"]

1. e4 e5 2. Nf3 Nc6 3. Nc3 Nf6 4. Bb5 Nd4 5. Ba4 Nxf3+ 6. Qxf3 c6 7. Bb3 Qc7 8.
d3 Be7 9. Bg5 O-O 10. O-O d6 11. h3 Be6 12. Ne2 Rad8 13. Ng3 Ne8 14. Be3 g6 15.
d4 Bxb3 16. axb3 b6 17. Bh6 Ng7 18. Rfd1 a5 19. c4 Qc8 20. b4 axb4 21. Ra7 exd4
22. Rxe7 Rd7 23. Qf6 Ne6 24. Bxf8 1-0

[Event "Chigorin Mem Blitz 2015"]
[Site "St Petersburg RUS"]
[Date "2015.10.02"]
[Round "1.11"]
[White "Eryshkanova, Anastasiya"]
[Black "Belous, Vladimir"]
[Result "0-1"]
[WhiteTitle "WFM"]
[BlackTitle "GM"]
[WhiteElo "2108"]
[BlackElo "2566"]
[WhiteFideId "24119059"]
[BlackFideId "4174003"]
[EventDate "2015.10.02"]

1. Nf3 c5 2. g3 Nc6 3. Bg2 e5 4. e4 Nf6 5. d3 g6 6. h3 Bg7 7. Be3 d6 8. Qd2 O-O
9. Nc3 Nd4 10. Ne2 Re8 11. c3 Nxe2 12. Qxe2 b5 13. O-O Bb7 14. Kh2 Rc8 15. Rfd1
d5 16. Bg5 d4 17. a4 a6 18. cxd4 cxd4 19. axb5 axb5 20. Ra7 Qb6 21. Rda1 Nd7 22.
R7a2 Nc5 23. b4 Na4 24. Bd2 Rc7 25. Qe1 Rec8 26. Rd1 h6 27. Raa1 Nb2 28. Rdb1
Rc2 29. Bf1 Kh7 30. Rc1 Qe6 31. Rxc2 Rxc2 32. Ra7 Bc8 33. Qa1 Qb3 34. Qa5 Nxd3
35. Kg2 Nf4+ 36. Bxf4 exf4 37. Rxf7 Qxf7 0-1

[Event "Chigorin Mem Blitz 2015"]
[Site "St Petersburg RUS"]
[Date "2015.10.02"]
[Round "1.12"]
[White "Maletin, Pavel"]
[Black "Olkhovskiy, Alexander"]
[Result "1-0"]
[WhiteTitle "GM"]
[WhiteElo "2581"]
[BlackElo "2095"]
[WhiteFideId "4146786"]
[BlackFideId "34188611"]
[EventDate "2015.10.02"]

1. d4 Nf6 2. c4 e6 3. g3 Bb4+ 4. Bd2 Qe7 5. Nf3 Nc6 6. Nc3 d6 7. Bg2 O-O 8. d5
Ne5 9. Nxe5 dxe5 10. O-O Rd8 11. Qb3 a5 12. Rfd1 exd5 13. Nxd5 Nxd5 14. cxd5
Bxd2 15. Rxd2 Rd6 16. Rc1 e4 17. Rdc2 c6 18. dxc6 bxc6 19. Rxc6 Rxc6 20. Rxc6
Be6 21. Qc3 Rd8 22. h3 f5 23. Qe5 1-0

[Event "Chigorin Mem Blitz 2015"]
[Site "St Petersburg RUS"]
[Date "2015.10.02"]
[Round "2.1"]
[White "Alekseev, Evgeny"]
[Black "Baghdasaryan, Vahe"]
[Result "1-0"]
[WhiteTitle "GM"]
[BlackTitle "IM"]
[WhiteElo "2642"]
[BlackElo "2439"]
[WhiteFideId "4138147"]
[BlackFideId "13303139"]
[EventDate "2015.10.02"]

1. e4 c5 2. Nf3 e6 3. d4 cxd4 4. Nxd4 Nf6 5. Nc3 Nc6 6. Ndb5 Bc5 7. Bf4 O-O 8.
Bc7 Qe7 9. Bd6 Bxd6 10. Qxd6 Qd8 11. O-O-O Qb6 12. f3 a6 13. Na3 Qe3+ 14. Qd2
Qxd2+ 15. Rxd2 b5 16. Nd1 d5 17. exd5 Nxd5 18. c4 bxc4 19. Nxc4 Bd7 20. Nde3
Rfc8 21. Nxd5 exd5 22. Nb6 Nb4+ 23. Kd1 Nxa2 24. Nxc8 Rxc8 25. Rxd5 Ba4+ 26. Ke1
g6 27. Rd2 Rc1+ 28. Kf2 Bb5 29. Rg1 Bxf1 30. Rxf1 Rc6 31. Re1 Nb4 32. Re7 Kf8
33. Rb7 a5 34. Kg3 Rf6 35. Rb5 Nc6 36. Rb6 Ke7 37. Rd5 Re6 38. Rb7+ Kf6 39. Rb6
Ke7 40. Kf2 h5 41. h4 Ke8 42. Rd2 Ke7 43. Rb7+ Kf6 44. Rbd7 Ne5 45. R7d6 Nc4 46.
Rxe6+ Kxe6 47. Rc2 Kd5 48. b3 Ne5 49. Ke3 Nc6 50. Rd2+ Kc5 51. Rd7 Ne5 52. Rb7
f6 53. g3 Nc6 54. Rg7 Ne5 55. f4 Ng4+ 56. Kd2 Kb4 57. Rb7+ Ka3 58. Kc3 Nf2 59.
Rb5 Ne4+ 60. Kc2 Nxg3 61. Rxa5+ Kb4 62. Ra6 Nf5 63. Rxf6 Nxh4 64. Re6 Ng2 65.
Rxg6 Nxf4 66. Rb6+ Kc5 67. Rf6 Nd5 68. Rf5 Kd4 69. Rxh5 1-0

[Event "Chigorin Mem Blitz 2015"]
[Site "St Petersburg RUS"]
[Date "2015.10.02"]
[Round "2.2"]
[White "Gurvich, Vitaly"]
[Black "Andriasian, Zaven"]
[Result "0-1"]
[WhiteTitle "FM"]
[BlackTitle "GM"]
[WhiteElo "2315"]
[BlackElo "2591"]
[WhiteFideId "24164852"]
[BlackFideId "13302000"]
[EventDate "2015.10.02"]

1. d4 Nf6 2. c4 c5 3. d5 e6 4. Nc3 exd5 5. cxd5 g6 6. Nf3 Bg7 7. Bf4 d6 8. Qa4+
Bd7 9. Qb3 Qc7 10. e4 O-O 11. Be2 Re8 12. Nd2 a6 13. a4 Bg4 14. f3 Nh5 15. Be3
Bc8 16. O-O Nd7 17. Nc4 f5 18. f4 fxe4 19. Bxh5 gxh5 20. f5 Nf6 21. h3 Rb8 22.
a5 Qe7 23. Bf4 Rd8 24. Rae1 Bxf5 25. Bxd6 Rxd6 26. Nxd6 Qxd6 27. Rxf5 Qg3 28.
Ref1 Ng4 29. d6+ Kh8 30. hxg4 Bd4+ 31. R1f2 h4 32. Qf7 h3 33. d7 Qxg2# 0-1

[Event "Chigorin Mem Blitz 2015"]
[Site "St Petersburg RUS"]
[Date "2015.10.02"]
[Round "2.3"]
[White "Pershin, Denis"]
[Black "Turov, Maxim"]
[Result "1-0"]
[BlackTitle "GM"]
[WhiteElo "2374"]
[BlackElo "2609"]
[WhiteFideId "24165506"]
[BlackFideId "4120086"]
[EventDate "2015.10.02"]

1. e4 c6 2. d4 d5 3. exd5 cxd5 4. Bd3 Nc6 5. c3 Qc7 6. Ne2 Bg4 7. O-O e6 8. Qe1
Bd6 9. f3 Bh5 10. Qh4 Bg6 11. Bxg6 fxg6 12. Nf4 Bxf4 13. Bxf4 Qf7 14. Re1 Nge7
15. Nd2 O-O 16. Be5 Nf5 17. Qf2 g5 18. Re2 Qg6 19. g4 Nh4 20. Bg3 Qf6 21. Rae1
Rae8 22. Bxh4 gxh4 23. Kg2 Nd8 24. Re3 Nf7 25. Qe2 Ng5 26. h3 h6 27. Qf2 Nf7 28.
Qe2 Nd8 29. Nb3 b6 30. Nc1 Re7 31. Nd3 Rfe8 32. Ne5 Nf7 33. Nc6 Rc7 34. Nb4 Qf4
35. Qf2 a5 36. Nxd5 exd5 37. Rxe8+ Kh7 38. Qc2+ g6 39. Qf2 Ng5 40. R8e7+ Rxe7
41. Rxe7+ Kg8 42. Re3 Kf7 43. Qe1 Qf6 44. Qxh4 a4 45. Qf2 Ne6 46. Re5 Nf4+ 47.
Kh2 Nd3 48. Qe3 Nxe5 49. Qxe5 Qxf3 50. Qc7+ Kf8 51. Qd8+ Kf7 52. Qd7+ Kf8 53.
Qd6+ Kf7 54. Qc7+ Kf8 55. Qb8+ Kf7 56. Qc7+ Kf8 57. Qd6+ Kf7 58. Qg3 Qd1 59.
Qf2+ Kg7 60. a3 Qd3 61. Kg2 b5 62. Qf3 Qc2+ 63. Qf2 Qe4+ 64. Kh2 Qd3 65. Kg1
Qb1+ 66. Kg2 Qe4+ 67. Kg3 Qb1 68. Qg2 Qd3+ 69. Kh2 Qb1 70. Qf2 Qd3 71. Qg2 Qc4
72. Qf2 Qd3 73. Qg2 Qc4 74. Qd2 Qf1 75. Qe3 Qb1 76. Qe7+ Kg8 77. Qe8+ Kg7 78.
Qd7+ Kf8 79. Qxb5 Qc2+ 80. Kg3 Qd2 81. Qc5+ Kg7 82. Qc7+ Kg8 83. Qd8+ Kg7 84.
Qd7+ Kf8 85. Qc8+ Kg7 86. Qc7+ Kf8 87. Qf4+ 1-0

[Event "Chigorin Mem Blitz 2015"]
[Site "St Petersburg RUS"]
[Date "2015.10.02"]
[Round "2.5"]
[White "Chashchev, Sergey"]
[Black "Lintchevski, Daniil"]
[Result "0-1"]
[WhiteTitle "IM"]
[BlackTitle "GM"]
[WhiteElo "2377"]
[BlackElo "2562"]
[WhiteFideId "4134516"]
[BlackFideId "4171055"]
[EventDate "2015.10.02"]

1. b4 d5 2. Bb2 Bg4 3. Nf3 Bxf3 4. gxf3 e6 5. f4 Nf6 6. b5 g6 7. e3 Bg7 8. Be2
O-O 9. O-O Nbd7 10. d3 Ne8 11. Bxg7 Nxg7 12. Nd2 a6 13. a4 Qf6 14. c4 c6 15. Rb1
axb5 16. axb5 Ra2 17. bxc6 bxc6 18. Nf3 Nf5 19. Re1 Rfa8 20. Qb3 Nh4 21. Nd4 c5
22. Nc6 0-1

[Event "Chigorin Mem Blitz 2015"]
[Site "St Petersburg RUS"]
[Date "2015.10.02"]
[Round "2.6"]
[White "Amonatov, Farrukh"]
[Black "Gevorgyan, David Sh."]
[Result "1-0"]
[WhiteTitle "GM"]
[BlackTitle "IM"]
[WhiteElo "2591"]
[BlackElo "2359"]
[WhiteFideId "14700077"]
[BlackFideId "13303244"]
[EventDate "2015.10.02"]

1. e4 e5 2. Nf3 Nc6 3. d4 exd4 4. Nxd4 Bb4+ 5. c3 Bc5 6. Nxc6 bxc6 7. Bd3 Ne7 8.
O-O O-O 9. Nd2 Ng6 10. b4 Bd6 11. Nc4 Bf4 12. g3 Bxc1 13. Rxc1 d6 14. Na5 Bd7
15. f4 Re8 16. c4 Rb8 17. a3 Qf6 18. Rf2 Re7 19. c5 Qd4 20. cxd6 cxd6 21. Rxc6
Rxe4 22. Rc4 Re1+ 23. Qxe1 Qxd3 24. Qd2 Qb1+ 25. Rf1 Qf5 26. Qxd6 Be6 27. Qxb8+
Nf8 1-0

[Event "Chigorin Mem Blitz 2015"]
[Site "St Petersburg RUS"]
[Date "2015.10.02"]
[Round "2.7"]
[White "Palachev, Petr"]
[Black "Timofeev, Artyom"]
[Result "0-1"]
[WhiteTitle "FM"]
[BlackTitle "GM"]
[WhiteElo "2373"]
[BlackElo "2539"]
[WhiteFideId "24129003"]
[BlackFideId "4140419"]
[EventDate "2015.10.02"]

1. d4 Nf6 2. c4 g6 3. Nc3 d5 4. Bg5 Ne4 5. Bh4 c6 6. e3 Qa5 7. Qb3 e5 8. Bd3
exd4 9. exd4 dxc4 10. Bxc4 Nd6 11. Bf6 Rg8 12. Be2 Be6 13. Qc2 Nd7 14. Bh4 Nf5
15. Nf3 Nxh4 16. Nxh4 O-O-O 17. Nf3 Nb6 18. O-O Kb8 19. a3 Qf5 20. Bd3 Qh5 21.
Rad1 Bg7 22. Ne2 Nd5 23. Be4 Rge8 24. Rfe1 Qh6 25. Ne5 Qg5 26. Bf3 Bxe5 27. dxe5
Qxe5 28. Nd4 Qc7 29. Nxe6 fxe6 30. b4 a6 31. Qb2 Nf4 32. Qc3 e5 33. g3 Nd5 34.
Qb2 Nb6 35. Qb3 Rxd1 36. Rxd1 e4 37. Bg2 Qe5 38. Re1 Qd4 39. Qc2 e3 40. Kh1 Nd5
41. Qc1 Re5 42. Rd1 e2 43. Re1 Qxf2 44. Qd2 Ne3 45. Qd8+ Ka7 46. Qd4+ Ka8 47.
Qd8+ Ka7 48. Qd4+ c5 49. Qd2 Qxg2# 0-1

[Event "Chigorin Mem Blitz 2015"]
[Site "St Petersburg RUS"]
[Date "2015.10.02"]
[Round "2.8"]
[White "Chigaev, Maksim"]
[Black "Ivlev, Aleksey"]
[Result "1/2-1/2"]
[WhiteTitle "IM"]
[WhiteElo "2521"]
[BlackElo "2215"]
[WhiteFideId "4108116"]
[BlackFideId "24185949"]
[EventDate "2015.10.02"]

1. e4 e5 2. Nf3 Nc6 3. Nc3 Nf6 4. d4 exd4 5. Nxd4 Bb4 6. Nxc6 bxc6 7. Bd3 d5 8.
exd5 cxd5 9. Qe2+ Be6 10. Bb5+ Nd7 11. Bc6 O-O 12. O-O Bxc3 13. Bxa8 Bf6 14. Bc6
Ne5 15. Ba4 Nc4 16. c3 Qb8 17. Bb3 Na5 18. Bf4 Nxb3 19. axb3 Qxb3 20. Be5 Bxe5
21. Qxe5 Qxb2 22. Rxa7 c5 23. h3 h6 24. Rc7 Qb6 25. Rd1 Ra8 26. Re7 Rd8 27. Qc7
Qxc7 28. Rxc7 d4 29. Rxc5 d3 30. Rd2 Bb3 31. f3 Bc2 32. Kf2 g6 33. Rc7 Kg7 34.
c4 Kf6 35. c5 Rd4 36. Ke3 Rc4 37. Rxd3 Bxd3 38. Kxd3 Rc1 39. Rc8 Ke5 40. c6 Kd6
41. Ke4 f5+ 42. Kf4 Rc4+ 43. Kg3 Rxc6 44. Rxc6+ Kxc6 45. Kf4 Kd5 46. h4 Ke6 47.
g4 fxg4 48. fxg4 Kd5 1/2-1/2

[Event "Chigorin Mem Blitz 2015"]
[Site "St Petersburg RUS"]
[Date "2015.10.02"]
[Round "2.9"]
[White "Musaev, Rasul"]
[Black "Lugovskoy, Maxim"]
[Result "1-0"]
[WhiteTitle "FM"]
[BlackTitle "IM"]
[WhiteElo "2351"]
[BlackElo "2470"]
[WhiteFideId "24146870"]
[BlackFideId "24126454"]
[EventDate "2015.10.02"]

1. e4 e6 2. d4 d5 3. Nc3 Bb4 4. e5 c5 5. a3 Bxc3+ 6. bxc3 Ne7 7. Nf3 b6 8. Bb5+
Bd7 9. Bd3 c4 10. Be2 Ba4 11. h4 h6 12. h5 Kd7 13. Rh4 Qg8 14. Rf4 Nbc6 15. Kf1
Rf8 16. Nh4 Qh7 17. Ra2 g5 18. hxg6 fxg6 19. Nf3 g5 20. Rxf8 Rxf8 21. Kg1 Qf5
22. Be3 Ng6 23. Nh2 Nf4 24. Ng4 Kc7 25. Nf6 h5 26. Bxh5 Rh8 27. Bg4 Qg6 28. Bxf4
gxf4 29. Bxe6 Ne7 30. Qg4 Qh6 31. Qh3 Qg7 32. Qf3 Bc6 33. Bh3 Ng6 34. Kf1 Kb7
35. Qg4 Qh6 36. a4 f3 37. Ra1 Nf4 38. Qxf3 Qg5 39. Qg3 Qh6 40. Ng4 Qf8 41. Nf6
Qh6 42. Ng4 Qf8 43. Ne3 Nh5 44. Qf3 Qg7 45. Bg4 Rf8 46. Nf5 Qg5 47. Nd6+ Ka6 48.
Qxf8 Qxg4 49. Qf3 Qh4 50. g3 Qh3+ 51. Qg2 Qg4 52. Re1 Bd7 53. Re2 Qg8 54. e6
Bxe6 55. a5 Bg4 56. f3 Qf8 1-0

[Event "Chigorin Mem Blitz 2015"]
[Site "St Petersburg RUS"]
[Date "2015.10.02"]
[Round "2.10"]
[White "Belous, Vladimir"]
[Black "Beznosikov, Vladimir"]
[Result "1-0"]
[WhiteTitle "GM"]
[WhiteElo "2566"]
[BlackElo "2298"]
[WhiteFideId "4174003"]
[BlackFideId "4126688"]
[EventDate "2015.10.02"]

1. Nf3 c5 2. c4 Nc6 3. Nc3 g6 4. e3 Bg7 5. d4 cxd4 6. exd4 d6 7. Be3 Nf6 8. h3
O-O 9. d5 Nb8 10. Be2 Nbd7 11. O-O b6 12. Rc1 Bb7 13. Nd4 Rc8 14. Re1 a5 15.
Ncb5 Nc5 16. Na7 Ra8 17. Nac6 Bxc6 18. Nxc6 Qc7 19. Bf3 Rfe8 20. b3 Nfd7 21. Bf4
Ne5 22. Bxe5 dxe5 23. Qd2 Rac8 24. Rcd1 f5 25. g3 e4 26. Bg2 Qd6 27. Nd4 Nd3 28.
Ne6 Nxe1 29. Rxe1 Bf6 30. g4 Qe5 31. Qe3 b5 32. Bf1 bxc4 33. Bxc4 fxg4 34. hxg4
Kh8 35. Kg2 a4 36. Rh1 g5 37. Qh3 1-0

[Event "Chigorin Mem Blitz 2015"]
[Site "St Petersburg RUS"]
[Date "2015.10.02"]
[Round "2.11"]
[White "Smirnov, Timofey"]
[Black "Maletin, Pavel"]
[Result "0-1"]
[BlackTitle "GM"]
[WhiteElo "2289"]
[BlackElo "2581"]
[WhiteFideId "24176427"]
[BlackFideId "4146786"]
[EventDate "2015.10.02"]

1. e4 g6 2. d4 Bg7 3. Nc3 d6 4. Nf3 a6 5. a4 b6 6. Be3 e6 7. Bd3 Ne7 8. Qd2 h6
9. Ne2 Nd7 10. Ng3 Bb7 11. h4 Qb8 12. Qe2 Nf6 13. Nd2 c5 14. c3 O-O 15. Nc4 b5
16. Nb6 cxd4 17. Bxd4 Ra7 18. Bxf6 Bxf6 19. Nd7 Bxc3+ 20. bxc3 Qc7 21. Nxf8
Qxc3+ 22. Qd2 Qxa1+ 23. Ke2 Qg7 24. Qe3 Nc6 25. Nd7 Nd4+ 26. Kf1 Bc6 27. e5 Rxd7
28. Qxd4 dxe5 29. Qc3 e4 30. Qxc6 Rxd3 31. Qa8+ Kh7 32. Kg1 e3 33. fxe3 Rxe3 34.
Qb8 Qd4 35. Kf1 Ra3 36. Rh3 Ra1+ 37. Ke2 Ra2+ 38. Ke1 Qf2+ 0-1

[Event "Chigorin Mem Blitz 2015"]
[Site "St Petersburg RUS"]
[Date "2015.10.02"]
[Round "2.12"]
[White "Aleksandrov, Aleksej"]
[Black "Aleksandrov, Grigoriy"]
[Result "1-0"]
[WhiteTitle "GM"]
[WhiteElo "2606"]
[BlackElo "1988"]
[WhiteFideId "13500139"]
[BlackFideId "24199656"]
[EventDate "2015.10.02"]

1. d4 Nf6 2. c4 e6 3. Nc3 d5 4. cxd5 exd5 5. Bg5 c6 6. Qc2 h6 7. Bh4 Be7 8. e3
O-O 9. Bd3 Re8 10. Nge2 Nbd7 11. f3 Nf8 12. O-O c5 13. Rad1 c4 14. Bf5 Bxf5 15.
Qxf5 g6 16. Qc2 Kg7 17. Kh1 a6 18. e4 dxe4 19. Bxf6+ Bxf6 20. fxe4 Ne6 21. Nd5
Bg5 22. Qxc4 Rc8 23. Qb3 b5 24. e5 Rc4 25. Qf3 Rf8 26. b3 Rc2 27. Nb4 Rd2 28. d5
Nc5 29. Nc6 Qb6 30. Rxd2 Bxd2 31. e6 f5 32. e7 Re8 33. Ned4 Bg5 34. Nxf5+ gxf5
35. Qxf5 Rg8 36. Qf7+ Kh8 37. Qxg8+ Kxg8 38. e8=Q+ Kg7 39. Rf7+ Kg6 40. Rb7+ 1-0